000 00753 a2200265 4500
001 72550
999 _c72550
_d20843
003 TR-AnTOB
005 20230705001208.0
008 081114s1988 tu tur
041 _atur
050 _aHC492
_b.B67 1988
090 _aHC492 .B67 1988
100 _aBoratav, Korkut
_d1935-
_915475
245 0 _aTürkiye iktisat tarihi: 1908-1985 /
_cKorkut Boratav.
264 1 _aİstanbul :
_bGerçek Yayınevi,
_c1988
300 _a158 p. ;
_c20 cm.
500 _aIncludes bibliographies.
590 _aSayın Celil Güngör tarafından bağışlanmıştır.
651 0 _aTurkey
_xEconomic conditions
_980629
651 0 _aTürkiye
_xEkonomik durum
_980633
902 _a0026641
903 _aMerkez Kutuphane
945 _aSC, BS
942 _cBK